Eğitim izleme raporu 2013 (Record no. 4269)

MARC details
000 -BAŞLIK
Sabit Uzunlukta Kontrol Alanı 00707na a2200241 4500
001 - KONTROL NUMARASI
Denetim Alanı 22754
003 - KONTROL NUMARASI IDENTIFIER
Denetim Alanı MIRAKIL
005 - SON İŞLEM TARİHİ VE ZAMANI
Denetim Alanı 20181213154959.0
008 - SABİT-BOY VERİ ELEMANLARI - GENEL BİLGİLER
Sabit Uzunlukta Kontrol Alanı 170224b tu 000 0
035 ## - SİSTEM KONTROL NUMARASI
Sistem Kontrol Numarası 19797
040 ## - KATALOGLAMA KAYNAK
Orijinal Kataloglama Ajansı Milas
Kataloglama Dili tur
Metne Dönüştürmek Ajansı TR-AnCHP
041 ## - DİL KODU
Metin / Ses Parça Veya Ayrı Başlığın Dil Kodu tur
082 ## - DEWEY ONLU SINIFLANDIRMA NUMARASI
Sınıflandırma Numarası 370.95610021
Ürün Numarası E35 2014
090 ## - SINIFLAMA NUMARASI
Sınıflama Numarası 370.95610021 E35 2014
245 ## - BAŞLIK TABLOSU
Başlık Eğitim izleme raporu 2013
Sorumluluk Tablosu, Vb hazırlayan Eğitim Reformu Girişimi (ERG)
260 ## - YAYIN, DAĞITIM, VB
Yayın, Dağıtım, Vb Yeri İstanbul
Yayıncı, Dağıtıcı, Vs Adı Sabancı Üniversitesi
Yayın, Dağıtım, Vb Tarihi 2014
300 ## - FİZİKSEL TANIM
Kapsam 156 .
Diğer Fiziksel Ayrıntıları tbl.
Boyutlar 30 sm.
490 ## - SERİSİ TABLOSU
Seri Beyanı ERG raporları
650 ## - KONU KATMA GİRİŞ - TOPİKAL DÖNEM
Topikal Süreli Veya Coğrafi Ad Giriş Elemanı Eğitim
Genel Alt Bölümü Raporlar
Coğrafi Alt Bölümü Türkiye
651 ## - KONU KATMA GİRİŞ - COĞRAFİ ADI
Coğrafi İsim Türkiye
Genel Alt Bölümü Eğitim
Kronolojik Alt Bölümü İstatistikler
710 ## - KATMA GİRİŞ - KURUMSAL ADI
Giriş Elemanı Olarak Kurumsal Ad Veya Yargı Alanı Adı Eğitim Reformu Girişimi (ERG)
942 ## - EKLENDİ GİRİŞ ELEMANLARI (KOHA)
Sınıflandırma Veya Raf Düzeni Kaynak Dewey Decimal Classification
Koha Öğesi Türü Books
999 ## - SİSTEM KONTROL NUMARALARI (KOHA)
Koha Biblionumber 4269
Koha Biblioitemnumber 4269
Holdings
Kullanım Kısıtlamaları Kalıcı Konum Mevcut Konum Edinme Tarihi Edinim Kaynak Toplam Check-Out'Lar Tam Çağrı Numarası Barkod Tarih Son Görülme İtibaren Geçerli Fiyatlar Koha Öğesi Türü
Kütüphane dışına çıkarılamaz CHP Kütüphanesi CHP Kütüphanesi 02/24/2017 Bağış   370.95610021 E35 2014 016406 02/24/2017 02/24/2017 Books